000 00857nam a22002057a 4500
999 _c2106
_d2106
003 AR-CdUCM
008 190304b ||||| |||| 00| 0 spa d
040 _aMUNICIPALIDAD PROVINCIAL DEL CUSCO
_cBIBLIOTECA MUNICIPAL DEL CUSCO
082 _a339.9 /
_bP964
110 _aProgreso
_97612
245 _aPlanificación en la economía nacional /
260 _aMoscú :
_bProgreso,
_c1981.
300 _a295 páginas ;
_c20 cm.
505 _aLos rasgos fundamentales del sistema de planificación socialista en la URSS --- El sistema de planes de desarrollo socio-económico y la lógica de su elaboración -- Los métodos de planificación de la economía nacional...
650 _aPlanificación socialista.
_97613
650 _asocialismo en la URSS.
_97614
650 _aplanificación económica.
_97615
942 _2ddc
_cLIBROS
945 _awfj
_d2019-03-04